Dictionnaire de chimie pure et appliquée (Record no. 168031)
[ view plain ]
| 000 -LEADER | |
|---|---|
| campo de control de longitud fija | 01103nam a2200217 i 4500 |
| 001 - NÚMERO DE CONTROL | |
| campo de control | 168031 |
| 003 - IDENTIFICADOR DE NÚMERO DE CONTROL | |
| campo de control | ES-MaACL |
| 005 - FECHA Y HORA DE LA ÚLTIMA TRANSACCIÓN | |
| campo de control | 20260201063019.0 |
| 008 - DATOS DE LONGITUD FIJA--INFORMACIÓN GENERAL | |
| campo de control de longitud fija | 960520q18801886fr a |||| | fre d |
| 040 ## - FUENTE DE CATALOGACIÓN | |
| Centro catalogador/agencia de origen | CARM |
| Lengua de catalogación | spa |
| Centro/agencia transcriptor | CCPB | SIC |
| 100 1# - ENTRADA PRINCIPAL--NOMBRE DE PERSONA | |
| Nombre de persona | Wurtz, Adolphe, |
| Fechas asociadas al nombre | 1817-1884 |
| 9 (RLIN) | 159349 |
| 245 10 - MENCIÓN DEL TÍTULO | |
| Título | Dictionnaire de chimie pure et appliquée |
| Resto del título | : comprenant la chimie organique et inorganique, la chimie appliquée à l'industrie, à l'agriculture et aux arts, la chimie analytique, la chimie physique et la minéralogie : supplément / |
| Mención de responsabilidad, etc. | par A.D. Wurtz ... ; avec la collaboration de P.T Cleve ... [et. al.]. |
| 260 ## - PUBLICACIÓN, DISTRIBUCIÓN, ETC. | |
| Lugar de publicación, distribución, etc. | Paris : |
| Nombre del editor, distribuidor, etc. | Librairie Hachette et Cie, |
| Fecha de publicación, distribución, etc. | [s.a.] |
| 300 ## - DESCRIPCIÓN FÍSICA | |
| Extensión | 2 v. (848 ; 1712 p, [2] h. de lam. pleg.) : |
| Otras características físicas | il. ; |
| Dimensiones | 26 cm. |
| 505 8# - NOTA DE CONTENIDO CON FORMATO | |
| Nota de contenido con formato | Contiene: Supplément. Partie. A-F -- Supplément. Deuxième partie. G-Z |
| 596 #1 - NOTA AL PIE DE IMPRENTA | |
| NOTA AL PIE DE IMPRENTA | COPAC, 13/02/06, da como fecha probable para esta ed. 1880-1886. |
| 650 #4 - PUNTO DE ACCESO ADICIONAL DE MATERIA--TÉRMINO DE MATERIA | |
| Término de materia o nombre geográfico como elemento de entrada | Química- |
| Subdivisión de forma | Diccionarios. |
| 9 (RLIN) | 16626 |
| 700 1# - ENTRADA AGREGADA--NOMBRE PERSONAL | |
| Nombre de persona | Cleve, P.T. ( |
| Fechas asociadas al nombre | 1840-1905) |
| 9 (RLIN) | 126514 |
| 852 ## - LOCALIZACIÓN | |
| Ubicación | ES-MaACL |
| Número de control de estantería | B-5247-48 |
| Nota libre | -- Enc. pasta española |
| Estatus retirado | Estado de pérdida | Estado de daño | No para préstamo | Biblioteca de origen | Biblioteca actual | Ubicación en estantería | Fecha de adquisición | Total de préstamos | Signatura topográfica completa | Código de barras | Visto por última vez | Precio de reemplazo | Tipo de ítem Koha |
|---|---|---|---|---|---|---|---|---|---|---|---|---|---|
| Biblioteca del Ateneo de Madrid | Biblioteca del Ateneo de Madrid | Sala Pardo Bazán | 17/01/2008 | B-5247-48 | 1176284 | 23/02/2023 | 23/02/2023 | Libro impreso |
